MARC

LEADER 00000nam0a2200000 4500
001 292051
005 20231102000445.0
035 |a (RuTPU)RU\TPU\book\316664 
035 |a RU\TPU\book\314670 
090 |a 292051 
100 |a 20150420d1983 k y0rusy50 ca 
101 0 |a rus 
102 |a EE 
105 |a a z 001zy 
200 1 |a Исследования по прикладной квантовой электронике  |e сборник статей  |f Таллинский политехнический институт (ТПИ) 
210 |a Таллин  |c Изд-во ТалПИ  |d 1983 
215 |a 67 с.  |c ил. 
225 1 |a Труды Таллинского политехнического института. Серия радиотехника 11  |v № 564 
225 1 |a Радиотехника  |v [Вып.] 11 
320 |a Библиогр. в конце ст. 
606 1 |a Квантовая электроника прикладная  |2 stltpush  |3 (RuTPU)RU\TPU\subj\14226  |9 40681 
610 1 |a четырехполюсники 
610 1 |a шумы 
610 1 |a информационные системы 
610 1 |a измерительные системы 
610 1 |a физический предел 
610 1 |a открытая атмосфера 
610 1 |a рассеянное излучение 
610 1 |a прием 
610 1 |a радиационные дефекты 
610 1 |a отжиг 
610 1 |a постоянный ток 
610 1 |a излучатели 
610 1 |a турбулентная атмосфера 
610 1 |a гауссовый лазерный пучок 
610 1 |a флуктуация 
610 1 |a светодальномеры 
610 1 |a генерация 
610 1 |a стабильность 
610 1 |a расчет 
675 |a 621.375.8  |v 4 
712 0 2 |a Таллинский политехнический институт (ТПИ)  |c (1941-1989)  |2 stltpush  |3 (RuTPU)RU\TPU\col\12417 
801 1 |a RU  |b 63413507  |c 20110901 
801 2 |a RU  |b 63413507  |c 20181120  |g RCR 
942 |c BK